Ve stínu katedrály /

Hlavní autor: Slavík, Jindřich Maria, 1907-1987
Další autoři: Michalik, Rudolf, 1901-1993
Jazyk: Čeština
Vydáno: Olomouc : Stanislav Vrbík, 1931
Témata:
Fyzický popis: 1 sv. (nestránkován) : [2] obr. příl. ; 4°
Knihy
Uloženo v:
LEADER 01570nam a22003852a 4500
001 001359591
003 CZ BrMZK
005 20140117085702.0
007 ta
008 140115s1931 xr a er|||||||||||cze d
015 |a cnb000752960 
035 |a (OCoLC)85680679 
040 |a ABA001  |b cze  |c ABA001  |d ABA001 
072 7 |a 821.162.3-3  |x Česká próza  |2 Konspekt  |9 25 
080 |a 821.162.3-3  |2 MRF 
080 |a (082.2)  |2 MRF 
080 |a (0.027.6)  |2 MRF 
100 1 |a Slavík, Jindřich Maria,  |d 1907-1987  |7 jk01111865  |4 aut 
245 1 0 |a Ve stínu katedrály /  |c Jindřich Maria Slavík ; graficky vyzdobil R. Michalik 
260 |a Olomouc :  |b Stanislav Vrbík,  |c 1931 
300 |a 1 sv. (nestránkován) :  |b [2] obr. příl. ;  |c 4° 
500 |a U příležitosti 800. výročí olomouckého dómu 
500 |a Vydavatelův soukromý tisk 
500 |a Vydáno 150 nečíslovaných výtisků 
500 |a Svým přátelům věnuje Stanislav Vrbík, varhaník při katedrále svatého Václava, u příležitosti 800. výročí olomouckého dómu 
500 |a Bibliofilie 
500 |a S podpisem autora 
655 7 |a české prózy  |7 fd133972  |z Česko  |y 20. stol.  |2 czenas 
655 7 |a jubilejní publikace  |7 fd131839  |z Česko  |y 1931  |2 czenas 
655 7 |a bibliofilie  |7 fd131893  |2 czenas 
700 1 |a Michalik, Rudolf,  |d 1901-1993  |7 jn19990005691  |4 ill 
910 |a BOA001  |b Bf2-0400.330 
990 |a BK 
991 |b 201401 
996 6 |b 2619621968  |c Bf2-0400.330  |l Stud. starých tisků/4.patro  |r Sklad / do násl. otevíracího dne  |n 0  |w 001394637  |u 000010  |a 1  |e BOA001  |j MZK50  |s P